000 00638nam a2200217Ia 4500
005 20260429112213.0
008 260429s9999||||xx |||||||||||||| ||und||
020 _a9789811278259
041 _aEnglish
082 _a572.8
_bPET
100 _aPetoukhov, Sergey
245 0 _aAlgebraic biology, matrix genetics, and genetic intelligence /
_cSergey Petoukhov
260 _aSingapore :
_bWorld Scientific Publishing Co. Pte. Ltd.,
_c2024.
300 _axxix, 585 p.; hb
650 _a Bioinformatics
650 _a Genetics
650 _a Matrix algebra
650 _aMathematical biology
700 _a He, Matthew
942 _cTB
999 _c52878
_d52878